| 000 | 01330cam a22003734i 4500 | ||
|---|---|---|---|
| 003 | PE-LiUPU | ||
| 005 | 20250731184118.0 | ||
| 008 | 150616s r 000 0 d | ||
| 035 | _a(Sirsi) a8231 | ||
| 040 |
_aPE-LiUPU _bspa _cPE-LiUPU _erda |
||
| 049 | _aPRUA | ||
| 082 | 0 | 4 |
_a808.8 _bS84 _221 |
| 100 | 1 |
_aSturgeon, Mary C., _eautor. |
|
| 245 | 1 | 0 | _aWomen Of the Classics. |
| 264 | 1 |
_aLondon : _bGeorge Harrap & Company, _c1930. |
|
| 300 |
_a256 páginas : _bilustraciones (fotos) ; _c20 cm. |
||
| 336 |
_atext _2rdacontent |
||
| 337 |
_aunmediated _2rdamedia |
||
| 338 |
_avolume _2rdacarrier |
||
| 505 | 0 | _aWomen of Homer.- Women of Attic Tragedy.- Woman of Virgil. | |
| 526 | _aP145 | ||
| 526 | _aP127 | ||
| 526 | _aP97 | ||
| 526 | _aP14 | ||
| 526 | _aP07 | ||
| 650 | 0 | 4 | _aMUJERES EN LA LITERATURA CLASICA - COLECCION. |
| 910 |
_ajck _bjvq _cjck |
||
| 942 |
_2ddc _cBOOK |
||
| 949 |
_a808.8 S84 _wDEWEY _c1 _i41502 _lCCODEBUL1 _mBUL _p00.00 _r0 _sY _tBOOK _u2015-04-23 _xBIBLIOTECA _zUNKNOWN _0COMPRA _o.STAFF. Colección General |
||
| 994 |
_aC0 _bPEPRU |
||
| 596 | _a1 | ||
| 999 |
_a808.8 S84 _wDEWEY _c59561 _i41502 _f2021-11-5 _g5 _lCCODEBUL1 _mBUL _r0 _sY _tBOOK _u2015-4-23 _xBIBLIOTECA _zUNKNOWN _0COMPRA _o.STAFF. Colección General _d59561 |
||
| 980 |
_81 _gALBERTO SANCHEZ Responsable de Automatización |
||